000 01472cam a22003375i 4500
001 17430895
003 EG-ScBUE
005 20250617110032.0
008 120815t2012 nyua f b 001 0 eng d
020 _a9780486490601
020 _a0486490602
040 _aDLC
_beng
_erda
_cDLC
_dDLC
_dEG-ScBUE
082 0 4 _a539.2
_222
_bHEA
100 1 _aHeald, Mark A.,
_eauthor.
_938805
245 1 0 _aClassical electromagnetic radiation /
_cMark A. Heald, Jerry B. Marion.
250 _aThird edition.
264 1 _aMineola, New York :
_bDover Publications, Inc.,
_c[2012]
264 4 _cc2012
300 _axiv, 572 pages :
_billustrations ;
_c24 cm
336 _2rdacontent
_atext
_btxt
337 _aunmediated
_2rdamedia
_bn
338 _avolume
_bnc
_2rdacarrier
504 _aIncludes bibliographical references and index.
520 _a"Newly corrected, this highly acclaimed text is suitable for advanced physics courses. The author presents a very accessible macroscopic view of classical electromagnetics that emphasizes integrating electromagnetic theory with physical optics. The survey follows the historical development of physics, culminating in the use of four-vector relativity to fully integrate electricity with magnetism"--
650 7 _aElectromagnetic waves.
_2BUEsh
_937008
650 7 _aElectrodynamics.
_2BUEsh
_99061
653 _bENGGEN
_cNovember2015
655 _vReading book
_934232
700 1 _aMarion, Jerry B.,
_eauthor.
942 _2ddc
_cBB
999 _c21093
_d21065